Dunia abstrak

Bibliographic Details
Main Author: Muhamad Ismail Ahmad
Format: Book
Published: Selangor : Penerbit PCT , 2002
Series:Siri inspirasi kanak-kanak
Subjects:

MARC

LEADER 00000cam a2200000 7i4500
001 0000007504
005 20151222.0
008 070903
020 |a 9832316855 
090 0 0 |a ART   |b MAL 
100 0 |a Muhamad Ismail Ahmad 
245 1 0 |a Dunia abstrak   |c Sidang pengarang PCT 
260 |a Selangor :   |b Penerbit PCT ,   |c 2002 
440 |a Siri inspirasi kanak-kanak 
500 |a Children ages 10-12 years old (pink) 
650 0 |a Art   |x Juvinale literature 
999 |a 0000003717   |b Book   |c Children Collection   |e Cawangan Taman Universiti 
999 |a 0000984284   |b Book   |c Children Collection   |e Perbadanan Perpustakaan Awam Johor 
999 |a 0000984286   |b Book   |c Children Collection   |e Cawangan Mersing 
999 |a 0000984287   |b Book   |c Children Collection   |e Perbadanan Perpustakaan Awam Johor 
999 |a 0000984288   |b Book   |c Children Collection   |e Perbadanan Perpustakaan Awam Johor